| 000 | 00848nam a2200193 a 4500 | ||
|---|---|---|---|
| 005 | 20260112063322.0 | ||
| 039 |
_a201505121535 _bstaff _y 201505121519 _z staff |
||
| 082 |
_a658.408 _bRAM [ IR Shelf ] |
||
| 100 | _aK, Ramanathan [2013PGP042] | ||
| 245 |
_aUnderstanding Sports as a CSR activity and Identifying Potential Contributors for Olympic Gold Guest/ _cRamanathan K |
||
| 260 |
_aShillong: _bRajiv Gandhi Indian Institute of Management, _c2015 |
||
| 300 |
_a31p.: _bill.,tables, charts ; _c29 cm |
||
| 490 | _aSummer Internship Report in partial fulfillment of the requirements for the Award of the Post Graduate Diploma in Management 2013 -2015 | ||
| 650 | _aExecutive Management | ||
| 650 | _aCorporate Social Responsibiblity | ||
| 991 | _aVIRTUA40 | ||
| 991 | _aVTLSSORT0080*0820*1000*2450*2600*3000*4900*6500*6501*9992 | ||
| 909 | _a5295 | ||
| 999 |
_c4756 _d4756 |
||